000 00392nam a2200157Ia 4500
008 240729s9999 xx 000 0 und d
022 _a2666-1667
245 0 _aSTAR Protocols
260 _aUnited States
260 _bElsevier
650 _a Science (General)
650 _aScience
856 _uhttps://doaj.org/toc/89e9e0e9db71483bbada87c8fa133b0e
942 _2ddc
942 _cDOAJEJ
999 _c70373
_d70373
945 _a1
_bMadushi Gamage
_c1
_dMadushi Gamage